000 00763nam a2200229 4500
005 20260330123641.0
008 251203b |||||||| |||| 00| 0 eng d
020 _a978-81-312-6923-7
041 _aEng
082 _25th.ed (SAE)
_aMS 610.73677 CHI B11920
100 _aChintamani
_9217420
245 _aLewis Adult health Nursing I with Integrated Pathophysiology Vol.1
250 _a5th ed. (SAE)
260 _aNew Delhi
_bElsevier
_c2025
300 _axxviii,1342p.A19p
_bpb
_c27.5x21cm
365 _aRupaye
_b1487.5
_cINR
500 _aMedical Surgical Nursing
521 _aLewis Adult health Nursing I with Integrated Pathophysiology Vol.1
650 _aMedical Surgical Nursing
_9217421
651 _aMedical Surgical Nursing
_9217422
942 _cBK
999 _c369252
_d369252